Statistics for Name a Country A-Z on Each Continent

Click here to take the quiz!

General Stats

  • This quiz has been taken 35 times
  • The average score is 72 of 85

Answer Stats

Continent Letter Countries % Correct
South AmericaBBolivia ...
100%
EuropeAAlbania ...
100%
OceaniaAAustralia
100%
EuropeGGermany ...
100%
EuropeFFinland ...
100%
AfricaRR. of Congo ...
96%
AsiaBBahrain ...
96%
OceaniaFF.S. Micronesia ...
96%
EuropeBBelarus ...
96%
AfricaAAlgeria ...
96%
EuropeIIceland ...
96%
EuropeEEstonia
96%
AfricaEEgypt ...
96%
AfricaDD.R. Congo ...
96%
South AmericaCChile ...
93%
North AmericaCCanada ...
93%
EuropeDDenmark
93%
AsiaSSaudi Arabia ...
93%
EuropeNNetherlands ...
93%
AsiaCCambodia ...
93%
AfricaCCameroon ...
93%
AsiaIIndia ...
93%
AsiaOOman
93%
North AmericaJJamaica
93%
North AmericaBBahamas ...
93%
EuropeCCroatia ...
89%
EuropePPoland ...
89%
AsiaYYemen
89%
EuropeSSan Marino ...
89%
AsiaJJapan ...
89%
AsiaQQatar
89%
North AmericaAAntigua and Barbuda
89%
North AmericaHHaiti ...
89%
EuropeLLatvia ...
89%
OceaniaNNauru ...
89%
AfricaMMadagascar ...
89%
AfricaLLesotho ...
89%
South AmericaPParaguay ...
89%
AfricaGGabon ...
89%
EuropeMMalta ...
89%
EuropeRRomania ...
86%
North AmericaUUnited States
86%
OceaniaKKiribati
86%
South AmericaAArgentina
86%
South AmericaEEcuador
86%
EuropeHHungary
86%
AfricaSSenegal ...
86%
AfricaBBenin ...
86%
AfricaKKenya
86%
AsiaMMalaysia ...
86%
AsiaLLaos ...
86%
OceaniaSSamoa ...
82%
North AmericaGGrenada ...
82%
OceaniaPPalau ...
82%
AsiaAAfghanistan ...
82%
AfricaNNamibia ...
82%
OceaniaTTonga ...
82%
AsiaKKazakhstan ...
82%
North AmericaEEl Salvador
82%
AsiaNNepal ...
82%
North AmericaDDominica ...
79%
EuropeUUkraine ...
79%
AsiaTTaiwan ...
79%
South AmericaGGuyana
79%
AfricaZZambia ...
79%
South AmericaVVenezuela
79%
North AmericaMMexico
75%
AsiaPPakistan ...
75%
North AmericaPPanama
75%
EuropeVVatican City
75%
AsiaEEast Timor
75%
OceaniaMMarshall Islands
75%
AfricaTTanzania ...
75%
South AmericaUUruguay
75%
EuropeKKosovo
71%
OceaniaVVanuatu
71%
North AmericaSSt. Kitts and Nevis ...
68%
North AmericaNNicaragua
68%
AsiaUU.A.E. ...
68%
AfricaIIvory Coast
68%
AfricaUUganda
64%
AsiaVVietnam
64%
South AmericaSSuriname
61%
North AmericaTTrinidad and Tobago
54%
AsiaGGeorgia
46%

Score Distribution

Percentile by Number Answered

Percent of People with Each Score

Your Score History

You have not taken this quiz